Φορτώνει......

A Comparative Study of Kahlil Gibran with Michael Naimy

Λεπτομέρειες βιβλιογραφικής εγγραφής
Κύριος συγγραφέας: Mohammed Ali Askar K
Μορφή: Electronic Thesis
Γλώσσα:English
Θέματα:
Διαθέσιμο Online:http://hdl.handle.net/10603/218987
LEADER 00488nam a2200157Ia 4500
001 220884
008 190202t ii ||||fom||| 00| 0 eng d
100 |a Mohammed Ali Askar K 
245 2 |a A Comparative Study of Kahlil Gibran with Michael Naimy 
502 |a Thesis (Ph. D.) -- Department of Arabic, University of Calicut, 
653 |a Khalil Gibran 
653 |a Khalil Gibran 
796 |a Moideen Kutty A B 
856 |u http://hdl.handle.net/10603/218987 
952 |a ON  |c ETD  |y ETD 
999 |c etd220884